Giáo trình thiết lập & thẩm định dự án đầu tư
Giáo trình gồm 7 chương. Chương 1, 2 cung cấp cho chúng ta biết những kiến thức chung về dự án đầu tư, việc tổ chức soạn thảo dự án đầu tư và việc tổ chức thẩm định dự án đầu tư. Các chương còn lại lần lượt là các nội dung nghiê...
Bewaard in:
| Hoofdauteur: | |
|---|---|
| Andere auteurs: | |
| Formaat: | Boek |
| Taal: | Vietnamese |
| Gepubliceerd in: |
H.
Lao Động - Xã Hội
2011
|
| Editie: | Tái bản lần 2 có sửa chữa bổ sung |
| Onderwerpen: | |
| Tags: |
Voeg label toe
Geen labels, Wees de eerste die dit record labelt!
|
| Thư viện lưu trữ: | Thư viện Trường Đại học Nam Cần Thơ |
|---|
| LEADER | 01961aam a22002538a 4500 | ||
|---|---|---|---|
| 001 | NCT_20064 | ||
| 008 | 160713s2016 ||||||viesd | ||
| 999 | |c 954 |d 954 | ||
| 020 | |c 70000 | ||
| 082 | 0 | 4 | |2 23rd ed. |a 332.63.076 |b H307 |
| 100 | 1 | |a Phước Minh Hiệp | |
| 245 | 1 | 0 | |a Giáo trình thiết lập & thẩm định dự án đầu tư |c Phước Minh Hiệp, Lê Thị Vân Đan |
| 250 | |a Tái bản lần 2 có sửa chữa bổ sung | ||
| 260 | |a H. |b Lao Động - Xã Hội |c 2011 | ||
| 300 | |a 356 tr. |c 24 cm | ||
| 520 | 3 | |a Giáo trình gồm 7 chương. Chương 1, 2 cung cấp cho chúng ta biết những kiến thức chung về dự án đầu tư, việc tổ chức soạn thảo dự án đầu tư và việc tổ chức thẩm định dự án đầu tư. Các chương còn lại lần lượt là các nội dung nghiên cứu về thị trường, kỹ thuật, tổ chức quản trị, tài chính và hiệu quả kinh tế - xã hội của dự án đầu tư. | |
| 653 | |a Tài chính - Ngân hàng | ||
| 700 | 1 | |a Lê Thị Vân Đan | |
| 942 | |2 ddc |c BK | ||
| 952 | |0 0 |1 0 |2 ddc |4 0 |6 332_630000000000000_076_H307 |7 0 |9 5734 |a 000001 |b 000001 |d 2017-12-20 |o 332.63.076 H307 |p MD.06275 |r 2017-12-20 |v 70000.00 |w 2017-12-20 |y BK | ||
| 952 | |0 0 |1 0 |2 ddc |4 0 |6 332_630000000000000_076_H307 |7 0 |9 5735 |a 000001 |b 000001 |d 2017-12-20 |l 3 |o 332.63.076 H307 |p MD.06276 |r 2021-03-09 |s 2021-03-05 |v 70000.00 |w 2017-12-20 |y BK | ||
| 952 | |0 0 |1 0 |2 ddc |4 0 |6 332_630000000000000_076_H307 |7 0 |9 5736 |a 000001 |b 000001 |d 2017-12-20 |o 332.63.076 H307 |p MD.06277 |r 2017-12-20 |v 70000.00 |w 2017-12-20 |y BK | ||
| 952 | |0 0 |1 0 |2 ddc |4 0 |6 332_630000000000000_076_H307 |7 0 |9 5737 |a 000001 |b 000001 |d 2017-12-20 |l 2 |o 332.63.076 H307 |p MD.06278 |r 2021-03-09 |s 2021-03-05 |v 70000.00 |w 2017-12-20 |y BK | ||
| 980 | |a Thư viện Trường Đại học Nam Cần Thơ | ||